| Tag |
First Indicator |
Second Indicator |
Subfields |
| LEADER |
00000cam a2200000 a 4500 |
| 001 |
in00000078872 |
| 005 |
20151008055133.0 |
| 008 |
760319s1975 enk i 00010 engm |
| 010 |
|
|
|a 75009369
|
| 015 |
|
|
|a GB***
|
| 020 |
|
|
|a 0859640124
|
| 020 |
|
|
|a 0914146106 (U.S.A.)
|
| 035 |
|
|
|a (OCoLC)02136395
|
| 035 |
|
|
|9 AAJ2652AM
|
| 040 |
|
|
|a DLC
|c DLC
|d m.c.
|d TXA
|d UtOrBLW
|
| 043 |
|
|
|a e-uk-en
|
| 049 |
|
|
|a TXAM
|c [1442503]
|
| 050 |
0 |
0 |
|a Z325.B45
|b T87
|
| 082 |
0 |
|
|a 070.5/09421
|
| 100 |
1 |
|
|a Turner, Michael L.
|
| 245 |
1 |
0 |
|a Index and guide to the lists of the publications of Richard Bentley & Son, 1829-1898 /
|c Michael L. Turner.
|
| 264 |
|
1 |
|a Bishops Stortford, [England] :
|b Chadwyck-Healey ;
|a Teaneck, N.J. :
|b Somerset House,
|c 1975.
|
| 300 |
|
|
|a 337 pages ;
|c 23 cm.
|
| 336 |
|
|
|a text
|b txt
|2 rdacontent
|
| 337 |
|
|
|a unmediated
|b n
|2 rdamedia
|
| 338 |
|
|
|a volume
|b nc
|2 rdacarrier
|
| 610 |
2 |
0 |
|a Richard Bentley and Son.
|
| 999 |
|
|
|a MARS
|
| 999 |
f |
f |
|s 550a67d2-3f30-3070-8929-e70cf702f70f
|i 08ce4f66-ab9e-3d71-aeef-162102eaa0dd
|t 0
|
| 952 |
f |
f |
|p ric
|a Texas A&M University
|b Rellis Campus
|c Joint Library Facility
|d Remote Storage
|t 0
|e Z325.B45 T87
|h Library of Congress classification
|i unmediated -- volume
|m A14806262071
|
| 998 |
f |
f |
|a Z325.B45 T87
|t 0
|l Remote Storage
|